Indian Highways (Record no. 9351)

MARC details
000 -LEADER
fixed length control field 00409nam a22001217a 4500
003 - CONTROL NUMBER IDENTIFIER
control field OSt
008 - FIXED-LENGTH DATA ELEMENTS--GENERAL INFORMATION
fixed length control field 201203b ||||| |||| 00| 0 eng d
245 ## - TITLE STATEMENT
Title Indian Highways
250 ## - EDITION STATEMENT
Edition statement 2016( Mar Vol.44 No.3, Apr Vol.44 No.4, May Vol.44 No.5) 2017( Jan Vol.45 No.1, Apr Vol.45 No.4, May Vol.45 No.5, Jun Vol.45 No.6 )
260 ## - PUBLICATION, DISTRIBUTION, ETC. (IMPRINT)
Place of publication, distribution, etc New Delhi
Name of publisher, distributor, etc Indian Roads Congress
650 ## - SUBJECT ADDED ENTRY--TOPICAL TERM
Topical term or geographic name as entry element Civil Engineering
942 ## - ADDED ENTRY ELEMENTS (KOHA)
Source of classification or shelving scheme Dewey Decimal Classification
Koha item type BOUND VOLUME
Holdings
Withdrawn status Lost status Source of classification or shelving scheme Materials specified (bound volume or other part) Damaged status Not for loan Collection code Home library Current library Date acquired Source of acquisition Serial Enumeration / chronologySerial Enumeration / Volume No. Total Checkouts Acc. no. / Barcode Date last seen Bill Date Koha item type
    Dewey Decimal Classification Bound Volume   Not For Loan B.Tech(CE) PIET C-LIBRARY PIET C-LIBRARY 04/12/2020 Indian Roads Congress 2016( Mar Vol.44 No.3, Apr Vol.44 No.4, May Vol.44 No.5) 2017( Jan Vol.45 No.1, Apr Vol.45 No.4, May Vol.45 No.5, Jun Vol.45 No.6 )   BV26 04/12/2020 09/01/2016 BOUND VOLUME

Design & Developed by: PIET Central Library
R70 Miles Stone Pattikalyana Samalkha Panipat 132102
mail ID :- [email protected], Phone No:- 0180-2569700 Ex.216